[Event "Baku Chess Olympiad | Open"]
[Site "chess24.com"]
[Date "2016.09.12"]
[Round "10"]
[White "Mohammed, Zozek Salah Mohammed"]
[Black "Karttunen, Mika"]
[Result "1/2-1/2"]
[Board "2"]
[WhiteID "4803361"]
[WhiteElo "2251"]
[WhiteTitle "FM"]
[WhiteCountry "IRQ"]
[WhiteFideId "4803361"]
[WhiteEloChange "5"]
[BlackID "502081"]
[BlackElo "2458"]
[BlackTitle "IM"]
[BlackCountry "FIN"]
[BlackFideId "502081"]
[BlackEloChange "-3"]

1. d4 {[%clk 1:30:57]} Nf6 {[%clk 1:30:47]} 2. c4 {[%clk 1:31:22]} c5 {[%clk
1:31:07]} 3. d5 {[%clk 1:31:27]} b5 {[%clk 1:31:24]} 4. cxb5 {[%clk 1:30:33]} a6
{[%clk 1:31:46]} 5. f3 {[%clk 1:26:16]} e6 {[%clk 1:30:24]} 6. e4 {[%clk
1:22:17]} exd5 {[%clk 1:30:36]} 7. e5 {[%clk 1:22:31]} Qe7 {[%clk 1:30:56]} 8.
Qe2 {[%clk 1:22:45]} Ng8 {[%clk 1:31:14]} 9. Nh3 {[%clk 1:19:16]} Qd8 {[%clk
1:30:57]} 10. Nc3 {[%clk 1:17:41]} Bb7 {[%clk 1:30:56]} 11. Nf4 {[%clk 1:14:21]}
Ne7 {[%clk 1:31:12]} 12. bxa6 {[%clk 1:01:50]} Nxa6 {[%clk 1:29:48]} 13. Nb5
{[%clk 0:53:08]} Ng6 {[%clk 1:08:25]} 14. Nxg6 {[%clk 0:42:50]} hxg6 {[%clk
1:08:40]} 15. Bf4 {[%clk 0:31:13]} c4 {[%clk 0:48:43]} 16. Nd6+ {[%clk 0:28:38]}
Bxd6 {[%clk 0:49:01]} 17. exd6+ {[%clk 0:29:06]} Kf8 {[%clk 0:49:25]} 18. b3
{[%clk 0:25:12]} Qa5+ {[%clk 0:45:22]} 19. Kf2 {[%clk 0:24:33]} Re8 {[%clk
0:44:58]} 20. Qd2 {[%clk 0:24:01]} c3 {[%clk 0:39:13]} 21. Qd4 {[%clk 0:21:14]}
Nc5 {[%clk 0:33:23]} 22. b4 {[%clk 0:05:30]} Qa3 {[%clk 0:24:30]} 23. Bc1 {[%clk
0:04:54]} Nb3 {[%clk 0:24:24]} 24. Bxa3 {[%clk 0:04:43]} Nxd4 {[%clk 0:24:48]}
25. Bc1 {[%clk 0:02:21]} Ra8 {[%clk 0:23:14]} 26. a4 {[%clk 0:00:57]} Nc2 {[%clk
0:23:16]} 27. Rb1 {[%clk 0:00:57]} Rxa4 {[%clk 0:23:19]} 28. Bb5 {[%clk 0:01:16]}
Ra2 {[%clk 0:23:06]} 29. Kg3 {[%clk 0:01:13]} Ke8 {[%clk 0:22:41]} 30. Bd3 {[%clk
0:00:59]} Kd8 {[%clk 0:18:24]} 31. Rb3 {[%clk 0:00:45]} d4 {[%clk 0:17:55]} 32.
Bc4 {[%clk 0:00:57]} Ra4 {[%clk 0:14:44]} 33. Bxf7 {[%clk 0:00:41]} Rxb4 {[%clk
0:13:46]} 34. Rxb4 {[%clk 0:00:45]} Nxb4 {[%clk 0:14:11]} 35. Bxg6 {[%clk
0:00:51]} d3 {[%clk 0:11:44]} 36. Ba3 {[%clk 0:00:45]} Rh6 {[%clk 0:08:37]} 37.
Bf5 {[%clk 0:00:40]} Nc2 {[%clk 0:02:13]} 38. Bc5 {[%clk 0:01:09]} Ba6 {[%clk
0:02:36]} 39. Rb1 {[%clk 0:01:13]} Ke8 {[%clk 0:02:22]} 40. Rb3 {[%clk 0:30:39]}
Ne1 {[%clk 0:30:38]} 41. Rb8+ {[%clk 0:26:42]} Kf7 {[%clk 0:29:22]} 42. Bxd7
{[%clk 0:26:50]} Rg6+ {[%clk 0:20:57]} 43. Kh3 {[%clk 0:23:44]} Nxg2 {[%clk
0:03:30]} 44. Be8+ {[%clk 0:20:44]} Ke6 {[%clk 0:03:54]} 45. d7 {[%clk 0:11:51]}
Nf4+ {[%clk 0:04:19]} 46. Kh4 {[%clk 0:12:20]} Ng2+ {[%clk 0:04:40]} 47. Kh3
{[%clk 0:12:49]} Nf4+ {[%clk 0:04:53]} 48. Kh4 {[%clk 0:13:18]} Ng2+ {[%clk
0:03:58]} 49. Kh3 {[%clk 0:13:47]} Nf4+ {[%clk 0:04:22]} 1/2-1/2

[Event "Baku Chess Olympiad | Open"]
[Site "chess24.com"]
[Date "2016.09.12"]
[Round "10"]
[White "Ebeling, Daniel"]
[Black "Salih, Akar Ali Salih"]
[Result "1-0"]
[Board "3"]
[WhiteID "505170"]
[WhiteElo "2468"]
[WhiteTitle "IM"]
[WhiteCountry "FIN"]
[WhiteFideId "505170"]
[WhiteEloChange "3"]
[BlackID "4800575"]
[BlackElo "2302"]
[BlackTitle "FM"]
[BlackCountry "IRQ"]
[BlackFideId "4800575"]
[BlackEloChange "-6"]

1. Nf3 {[%clk 1:30:57]} Nf6 {[%clk 1:30:52]} 2. c4 {[%clk 1:31:21]} g6 {[%clk
1:31:01]} 3. d4 {[%clk 1:30:54]} Bg7 {[%clk 1:31:10]} 4. g3 {[%clk 1:31:16]} O-O
{[%clk 1:31:23]} 5. Bg2 {[%clk 1:31:41]} d6 {[%clk 1:27:11]} 6. Nc3 {[%clk
1:31:52]} Nc6 {[%clk 1:27:35]} 7. O-O {[%clk 1:32:15]} a6 {[%clk 1:27:36]} 8. b3
{[%clk 1:22:58]} Rb8 {[%clk 1:25:35]} 9. Nd5 {[%clk 1:23:20]} Bg4 {[%clk
1:17:01]} 10. Bb2 {[%clk 1:19:59]} Re8 {[%clk 1:04:21]} 11. Qd2 {[%clk 0:52:58]}
e5 {[%clk 0:49:33]} 12. e3 {[%clk 0:30:07]} Bxf3 {[%clk 0:33:32]} 13. Bxf3 {[%clk
0:30:31]} exd4 {[%clk 0:33:56]} 14. exd4 {[%clk 0:18:26]} Ne4 {[%clk 0:34:09]}
15. Bxe4 {[%clk 0:12:48]} Rxe4 {[%clk 0:33:19]} 16. Qd3 {[%clk 0:12:46]} Re8
{[%clk 0:29:28]} 17. Rfe1 {[%clk 0:11:50]} Ne7 {[%clk 0:26:45]} 18. Ne3 {[%clk
0:12:18]} d5 {[%clk 0:25:05]} 19. Nxd5 {[%clk 0:11:24]} Nxd5 {[%clk 0:24:47]} 20.
Rxe8+ {[%clk 0:11:49]} Qxe8 {[%clk 0:25:11]} 21. cxd5 {[%clk 0:12:16]} Bh6 {[%clk
0:20:10]} 22. Qc3 {[%clk 0:11:53]} Qd7 {[%clk 0:20:05]} 23. d6 {[%clk 0:10:32]}
Qxd6 {[%clk 0:17:36]} 24. d5 {[%clk 0:10:58]} f6 {[%clk 0:17:55]} 25. Qxf6 {[%clk
0:10:18]} Qxf6 {[%clk 0:17:46]} 26. Bxf6 {[%clk 0:10:48]} Kf7 {[%clk 0:16:55]}
27. Be5 {[%clk 0:10:44]} Rd8 {[%clk 0:17:19]} 28. Bxc7 {[%clk 0:09:16]} Rxd5
{[%clk 0:17:43]} 29. Kf1 {[%clk 0:06:17]} Rd2 {[%clk 0:16:44]} 30. Ba5 {[%clk
0:06:14]} Rc2 {[%clk 0:16:01]} 31. Bb6 {[%clk 0:06:38]} Rc6 {[%clk 0:04:32]} 32.
Ba7 {[%clk 0:06:08]} Bc1 {[%clk 0:02:32]} 33. Ke2 {[%clk 0:05:31]} Ke6 {[%clk
0:03:01]} 34. Kd3 {[%clk 0:03:59]} Kf5 {[%clk 0:02:50]} 35. h3 {[%clk 0:03:33]}
Rd6+ {[%clk 0:03:02]} 36. Kc2 {[%clk 0:02:57]} Rc6+ {[%clk 0:03:20]} 37. Kd3
{[%clk 0:03:26]} Rd6+ {[%clk 0:03:44]} 38. Kc2 {[%clk 0:01:33]} Rc6+ {[%clk
0:04:13]} 39. Kd1 {[%clk 0:01:56]} Ba3 {[%clk 0:04:18]} 40. Ke2 {[%clk 0:31:19]}
Bc1 {[%clk 0:34:20]} 41. Bd4 {[%clk 0:16:51]} Ke4 {[%clk 0:33:30]} 42. Bg7 {[%clk
0:16:55]} b5 {[%clk 0:28:26]} 43. f3+ {[%clk 0:16:43]} Kf5 {[%clk 0:27:51]} 44.
Bd4 {[%clk 0:12:20]} h5 {[%clk 0:27:42]} 45. g4+ {[%clk 0:06:39]} hxg4 {[%clk
0:24:50]} 46. hxg4+ {[%clk 0:07:09]} Kf4 {[%clk 0:25:12]} 47. Rxc1 {[%clk
0:07:33]} 1-0

[Event "Baku Chess Olympiad | Open"]
[Site "chess24.com"]
[Date "2016.09.12"]
[Round "10"]
[White "Al-Saffar, Araz Basim Mohammed S"]
[Black "Sipila, Vilka"]
[Result "1-0"]
[Board "4"]
[WhiteID "4801040"]
[WhiteElo "2361"]
[WhiteTitle "IM"]
[WhiteCountry "IRQ"]
[WhiteFideId "4801040"]
[WhiteEloChange "12"]
[BlackID "505455"]
[BlackElo "2447"]
[BlackTitle "IM"]
[BlackCountry "FIN"]
[BlackFideId "505455"]
[BlackEloChange "-6"]

1. d4 {[%clk 1:30:55]} Nf6 {[%clk 1:30:49]} 2. Nf3 {[%clk 1:31:20]} g6 {[%clk
1:31:01]} 3. c4 {[%clk 1:31:30]} Bg7 {[%clk 1:31:19]} 4. g3 {[%clk 1:31:50]} O-O
{[%clk 1:31:37]} 5. Bg2 {[%clk 1:32:16]} d6 {[%clk 1:31:46]} 6. O-O {[%clk
1:32:41]} Nbd7 {[%clk 1:32:05]} 7. Nc3 {[%clk 1:32:52]} e5 {[%clk 1:32:23]} 8. h3
{[%clk 1:33:18]} c6 {[%clk 1:32:37]} 9. Be3 {[%clk 1:33:40]} e4 {[%clk 1:32:49]}
10. Nd2 {[%clk 1:31:51]} d5 {[%clk 1:33:09]} 11. cxd5 {[%clk 1:29:07]} Nxd5
{[%clk 1:30:45]} 12. Nxd5 {[%clk 1:26:30]} cxd5 {[%clk 1:31:05]} 13. Qb3 {[%clk
1:26:08]} Nb8 {[%clk 1:30:36]} 14. Qd1 {[%clk 1:02:27]} Nc6 {[%clk 1:24:10]} 15.
Nb3 {[%clk 0:59:06]} a5 {[%clk 1:12:50]} 16. Nc5 {[%clk 0:57:54]} Qf6 {[%clk
1:05:25]} 17. Qd2 {[%clk 0:51:44]} Nxd4 {[%clk 1:03:13]} 18. Rfd1 {[%clk
0:50:39]} Nf5 {[%clk 1:02:30]} 19. Bg5 {[%clk 0:50:28]} Qxb2 {[%clk 0:46:29]} 20.
Qxb2 {[%clk 0:48:39]} Bxb2 {[%clk 0:46:50]} 21. Rab1 {[%clk 0:49:07]} Bd4 {[%clk
0:46:42]} 22. Nb3 {[%clk 0:47:50]} Ba7 {[%clk 0:32:47]} 23. g4 {[%clk 0:43:09]}
a4 {[%clk 0:32:16]} 24. Na5 {[%clk 0:34:27]} Nd4 {[%clk 0:31:55]} 25. Kf1 {[%clk
0:34:05]} f5 {[%clk 0:27:37]} 26. e3 {[%clk 0:26:11]} Nc6 {[%clk 0:18:48]} 27.
Rxd5 {[%clk 0:18:27]} Be6 {[%clk 0:18:54]} 28. Nxc6 {[%clk 0:18:34]} bxc6 {[%clk
0:19:08]} 29. Ra5 {[%clk 0:18:52]} Bxa2 {[%clk 0:10:41]} 30. Rb7 {[%clk 0:19:21]}
Rf7 {[%clk 0:10:55]} 31. Be7 {[%clk 0:19:38]} f4 {[%clk 0:04:33]} 32. Rxa4 {[%clk
0:17:17]} fxe3 {[%clk 0:01:00]} 33. Rxa2 {[%clk 0:17:22]} e2+ {[%clk 0:00:51]}
34. Rxe2 {[%clk 0:17:32]} Bd4 {[%clk 0:01:05]} 35. Bxe4 {[%clk 0:17:35]} Rc8
{[%clk 0:00:35]} 36. Bd3 {[%clk 0:15:30]} Kh8 {[%clk 0:00:41]} 37. Kg2 {[%clk
0:15:26]} c5 {[%clk 0:00:50]} 38. Bc4 {[%clk 0:15:49]} Rg7 {[%clk 0:01:17]} 39.
g5 {[%clk 0:14:27]} h5 {[%clk 0:01:01]} 40. Rd7 {[%clk 0:43:49]} Kh7 {[%clk
0:31:21]} 41. Rd8 {[%clk 0:43:52]} Rc6 {[%clk 0:31:32]} 42. Bd6 {[%clk 0:43:21]}
Ra7 {[%clk 0:31:57]} 43. Bg8+ {[%clk 0:42:29]} Kg7 {[%clk 0:32:09]} 44. Bf8+
{[%clk 0:42:39]} Kh8 {[%clk 0:32:27]} 45. Bd5 {[%clk 0:42:58]} Rh7 {[%clk
0:32:51]} 46. Bh6# {[%clk 0:42:58]} 1-0

[Event "Baku Chess Olympiad | Open"]
[Site "chess24.com"]
[Date "2016.09.12"]
[Round "10"]
[White "Matamoros Franco, Carlos S."]
[Black "Kongsee, Uaychai"]
[Result "1-0"]
[Board "1"]
[WhiteID "3600017"]
[WhiteElo "2488"]
[WhiteTitle "GM"]
[WhiteCountry "ECU"]
[WhiteFideId "3600017"]
[WhiteEloChange "2"]
[BlackID "6200346"]
[BlackElo "2285"]
[BlackTitle "FM"]
[BlackCountry "THA"]
[BlackFideId "6200346"]
[BlackEloChange "-5"]

1. Nf3 {[%clk 1:30:57]} f5 {[%clk 1:30:46]} 2. c4 {[%clk 1:31:16]} Nf6 {[%clk
1:31:01]} 3. g3 {[%clk 1:31:30]} g6 {[%clk 1:31:24]} 4. b4 {[%clk 1:31:55]} Bg7
{[%clk 1:31:29]} 5. Bb2 {[%clk 1:32:19]} O-O {[%clk 1:31:24]} 6. Bg2 {[%clk
1:32:42]} c6 {[%clk 1:31:33]} 7. O-O {[%clk 1:32:00]} a5 {[%clk 1:31:22]} 8. b5
{[%clk 1:32:08]} a4 {[%clk 1:31:44]} 9. Na3 {[%clk 1:31:51]} d6 {[%clk 1:32:07]}
10. Qc2 {[%clk 1:27:02]} e5 {[%clk 1:32:02]} 11. d3 {[%clk 1:26:48]} c5 {[%clk
1:31:05]} 12. e3 {[%clk 1:26:02]} Nbd7 {[%clk 1:29:13]} 13. Rae1 {[%clk 1:22:35]}
Qe7 {[%clk 1:18:42]} 14. Nd2 {[%clk 1:19:16]} Re8 {[%clk 1:17:05]} 15. Qb1 {[%clk
1:06:12]} e4 {[%clk 1:08:30]} 16. Qc2 {[%clk 0:36:35]} b6 {[%clk 1:06:41]} 17. f4
{[%clk 0:25:53]} Bb7 {[%clk 1:06:42]} 18. Nab1 {[%clk 0:22:42]} Qe6 {[%clk
0:44:33]} 19. dxe4 {[%clk 0:18:21]} fxe4 {[%clk 0:40:39]} 20. a3 {[%clk 0:18:40]}
Qg4 {[%clk 0:25:22]} 21. Nc3 {[%clk 0:18:18]} h5 {[%clk 0:20:54]} 22. Rf2 {[%clk
0:11:39]} h4 {[%clk 0:20:40]} 23. h3 {[%clk 0:11:54]} Qe6 {[%clk 0:18:51]} 24. g4
{[%clk 0:12:07]} Re7 {[%clk 0:15:19]} 25. g5 {[%clk 0:11:58]} Nh5 {[%clk
0:15:11]} 26. Ncxe4 {[%clk 0:08:25]} Bxb2 {[%clk 0:08:03]} 27. Qxb2 {[%clk
0:08:11]} Ng3 {[%clk 0:08:18]} 28. Nxg3 {[%clk 0:07:57]} Bxg2 {[%clk 0:07:10]}
29. Kxg2 {[%clk 0:05:30]} hxg3 {[%clk 0:07:36]} 30. Kxg3 {[%clk 0:05:38]} d5
{[%clk 0:04:40]} 31. cxd5 {[%clk 0:05:28]} Qxd5 {[%clk 0:05:03]} 32. Qc2 {[%clk
0:05:36]} Nf8 {[%clk 0:05:00]} 33. Nc4 {[%clk 0:04:50]} Qe6 {[%clk 0:02:33]} 34.
Rd2 {[%clk 0:04:26]} Rh7 {[%clk 0:02:44]} 35. h4 {[%clk 0:04:32]} Raa7 {[%clk
0:02:36]} 36. Rd6 {[%clk 0:04:41]} Qc8 {[%clk 0:02:03]} 37. Qg2 {[%clk 0:04:41]}
Rae7 {[%clk 0:01:23]} 38. Qd5+ {[%clk 0:04:53]} Kh8 {[%clk 0:01:29]} 39. Rd8
{[%clk 0:05:11]} 1-0

[Event "Baku Chess Olympiad | Open"]
[Site "chess24.com"]
[Date "2016.09.12"]
[Round "10"]
[White "Teerapabpaisit, Wisuwat"]
[Black "Barros Rivadeneira, Cristhian"]
[Result "*"]
[Board "2"]
[WhiteID "6200176"]
[WhiteElo "2248"]
[WhiteTitle "FM"]
[WhiteCountry "THA"]
[WhiteFideId "6200176"]
[BlackID "3609677"]
[BlackElo "2351"]
[BlackTitle "IM"]
[BlackCountry "ECU"]
[BlackFideId "3609677"]

1. e4 {[%clk 1:30:53]} c5 {[%clk 1:30:43]} 2. Nf3 {[%clk 1:31:20]} d6 {[%clk
1:31:01]} 3. d4 {[%clk 1:31:44]} cxd4 {[%clk 1:31:21]} 4. Nxd4 {[%clk 1:32:12]}
Nf6 {[%clk 1:31:40]} 5. Nc3 {[%clk 1:32:38]} a6 {[%clk 1:31:58]} 6. Be3 {[%clk
1:33:01]} e5 {[%clk 1:31:12]} 7. Nb3 {[%clk 1:33:06]} Be6 {[%clk 1:31:02]} 8. Qd2
{[%clk 1:30:26]} Nbd7 {[%clk 1:30:33]} 9. f3 {[%clk 1:26:50]} Rc8 {[%clk
1:28:11]} 10. g4 {[%clk 1:26:23]} h6 {[%clk 1:27:21]} 11. O-O-O {[%clk 1:23:35]}
b5 {[%clk 1:22:51]} 12. h4 {[%clk 1:17:07]} Nb6 {[%clk 1:12:49]} 13. Qf2 {[%clk
1:13:49]} Nfd7 {[%clk 1:03:18]} 14. Rg1 {[%clk 0:54:30]} Rxc3 {[%clk 0:47:46]}
15. bxc3 {[%clk 0:36:16]} Na4 {[%clk 0:39:57]} 16. Bd2 {[%clk 0:30:54]} Qc7
{[%clk 0:38:16]} 17. f4 {[%clk 0:19:58]} d5 {[%clk 0:23:16]} 18. fxe5 {[%clk
0:16:46]} dxe4 {[%clk 0:21:49]} 19. Qd4 {[%clk 0:10:14]} Nxe5 {[%clk 0:10:38]}
20. Qxe4 {[%clk 0:08:34]} Ba3+ {[%clk 0:10:59]} 21. Kb1 {[%clk 0:09:01]} O-O
{[%clk 0:11:08]} 22. Bd3 {[%clk 0:06:24]} Nxd3 {[%clk 0:06:49]} 23. cxd3 {[%clk
0:06:21]} Nxc3+ {[%clk 0:04:41]} 24. Bxc3 {[%clk 0:06:49]} Qxc3 {[%clk 0:05:08]}
25. Qd4 {[%clk 0:05:28]} Qc7 {[%clk 0:05:32]} 26. g5 {[%clk 0:03:36]} Rd8 {[%clk
0:04:46]} 27. Qf2 {[%clk 0:03:19]} hxg5 {[%clk 0:03:16]} 28. hxg5 {[%clk
0:03:07]} Qc3 {[%clk 0:01:47]} 29. Qc2 {[%clk 0:03:02]} Qb4 {[%clk 0:01:25]} 30.
Qd2 {[%clk 0:02:57]} Qa4 {[%clk 0:00:55]} 31. Qa5 {[%clk 0:03:10]} Rb8 {[%clk
0:00:42]} 32. Qc7 {[%clk 0:03:14]} Rc8 {[%clk 0:01:00]} 33. Qb7 {[%clk 0:01:50]}
Rf8 {[%clk 0:00:39]} 34. Rd2 {[%clk 0:00:39]} Bxb3 {[%clk 0:00:49]} 35. Qe4
{[%clk 0:00:34]} *

[Event "Baku Chess Olympiad | Open"]
[Site "chess24.com"]
[Date "2016.09.12"]
[Round "10"]
[White "Macias Murillo, Bryan"]
[Black "Kulpruethanon, Thanadon"]
[Result "0-1"]
[Board "3"]
[WhiteID "3603296"]
[WhiteElo "2276"]
[WhiteTitle "IM"]
[WhiteCountry "ECU"]
[WhiteFideId "3603296"]
[WhiteEloChange "-11"]
[BlackID "6201610"]
[BlackElo "2235"]
[BlackTitle "CM"]
[BlackCountry "THA"]
[BlackFideId "6201610"]
[BlackEloChange "11"]

1. d4 {[%clk 1:30:57]} d5 {[%clk 1:30:53]} 2. c4 {[%clk 1:30:10]} c6 {[%clk
1:31:15]} 3. Nf3 {[%clk 1:30:30]} Nf6 {[%clk 1:31:39]} 4. e3 {[%clk 1:30:48]} Bf5
{[%clk 1:31:53]} 5. Nc3 {[%clk 1:29:10]} e6 {[%clk 1:32:16]} 6. Qb3 {[%clk
1:26:10]} Qb6 {[%clk 1:31:51]} 7. Qxb6 {[%clk 1:19:44]} axb6 {[%clk 1:32:15]} 8.
Nh4 {[%clk 1:20:02]} Bc2 {[%clk 1:26:27]} 9. Bd2 {[%clk 1:19:36]} h6 {[%clk
1:13:58]} 10. Rc1 {[%clk 1:19:48]} Bh7 {[%clk 1:14:17]} 11. a3 {[%clk 1:19:27]}
Nbd7 {[%clk 1:11:24]} 12. Nf3 {[%clk 1:19:30]} Be7 {[%clk 1:01:49]} 13. Be2
{[%clk 1:15:05]} O-O {[%clk 0:59:15]} 14. O-O {[%clk 1:15:28]} Rfd8 {[%clk
0:55:15]} 15. Rfd1 {[%clk 1:14:47]} Ne8 {[%clk 0:55:11]} 16. Be1 {[%clk 1:14:11]}
Nd6 {[%clk 0:55:09]} 17. Nd2 {[%clk 1:14:22]} Nf6 {[%clk 0:42:08]} 18. f3 {[%clk
1:14:33]} c5 {[%clk 0:38:04]} 19. dxc5 {[%clk 1:06:23]} Nf5 {[%clk 0:32:44]} 20.
Bf2 {[%clk 1:05:15]} Bxc5 {[%clk 0:31:58]} 21. e4 {[%clk 0:50:39]} Ne3 {[%clk
0:30:26]} 22. Re1 {[%clk 0:50:52]} dxe4 {[%clk 0:26:07]} 23. b4 {[%clk 0:12:30]}
Rxd2 {[%clk 0:25:56]} 24. bxc5 {[%clk 0:12:57]} Nc2 {[%clk 0:25:57]} 25. Nb1
{[%clk 0:13:06]} e3 {[%clk 0:17:27]} 26. Bxe3 {[%clk 0:12:25]} Rdd8 {[%clk
0:17:19]} 27. Rxc2 {[%clk 0:11:14]} Bxc2 {[%clk 0:17:47]} 28. cxb6 {[%clk
0:11:38]} Nd7 {[%clk 0:12:26]} 29. Kf2 {[%clk 0:09:29]} Ne5 {[%clk 0:12:31]} 30.
c5 {[%clk 0:07:19]} Ba4 {[%clk 0:04:40]} 31. Rc1 {[%clk 0:06:16]} Nd3+ {[%clk
0:04:11]} 32. Bxd3 {[%clk 0:06:41]} Rxd3 {[%clk 0:04:39]} 33. Nc3 {[%clk
0:05:03]} Bc6 {[%clk 0:04:27]} 34. Ke2 {[%clk 0:04:50]} Rdd8 {[%clk 0:04:40]} 35.
Nb1 {[%clk 0:02:51]} f6 {[%clk 0:03:45]} 36. Rc3 {[%clk 0:02:37]} Bb5+ {[%clk
0:02:38]} 37. Kf2 {[%clk 0:03:03]} Rd3 {[%clk 0:02:58]} 38. Rc2 {[%clk 0:01:41]}
Rb3 {[%clk 0:03:00]} 39. Rc1 {[%clk 0:00:33]} Rd8 {[%clk 0:01:14]} 40. Nc3 {[%clk
0:30:33]} Bc6 {[%clk 0:30:57]} 41. Ke2 {[%clk 0:25:18]} Rxa3 {[%clk 0:30:36]} 42.
Rc2 {[%clk 0:25:29]} Kf7 {[%clk 0:28:18]} 43. Bd2 {[%clk 0:25:29]} e5 {[%clk
0:27:18]} 44. Rb2 {[%clk 0:25:54]} Ke6 {[%clk 0:26:34]} 45. Nb1 {[%clk 0:25:54]}
Ra4 {[%clk 0:26:01]} 46. Be3 {[%clk 0:25:35]} f5 {[%clk 0:23:06]} 47. Nd2 {[%clk
0:24:29]} Rda8 {[%clk 0:22:07]} 48. g3 {[%clk 0:20:57]} Ra2 {[%clk 0:21:15]} 49.
Rb3 {[%clk 0:20:58]} R8a3 {[%clk 0:21:20]} 50. Rb4 {[%clk 0:21:22]} g5 {[%clk
0:17:52]} 51. f4 {[%clk 0:21:15]} exf4 {[%clk 0:15:43]} 52. gxf4 {[%clk 0:21:39]}
Ra4 {[%clk 0:13:58]} 53. Rxa4 {[%clk 0:21:09]} Rxa4 {[%clk 0:14:07]} 54. fxg5
{[%clk 0:20:08]} f4 {[%clk 0:14:06]} 55. Bf2 {[%clk 0:20:26]} hxg5 {[%clk
0:14:20]} 56. Nb3 {[%clk 0:20:20]} Ra2+ {[%clk 0:13:31]} 57. Ke1 {[%clk 0:20:28]}
Kd5 {[%clk 0:13:09]} 58. Nc1 {[%clk 0:20:49]} Ra3 {[%clk 0:12:57]} 59. Kd2 {[%clk
0:20:59]} Bb5 {[%clk 0:12:49]} 60. Ke1 {[%clk 0:20:59]} Bc4 {[%clk 0:12:19]} 61.
Kd2 {[%clk 0:21:16]} Rh3 {[%clk 0:12:30]} 62. Bg1 {[%clk 0:21:42]} g4 {[%clk
0:12:39]} 63. Ke1 {[%clk 0:22:05]} Rh8 {[%clk 0:12:15]} 64. Kd2 {[%clk 0:22:13]}
g3 {[%clk 0:11:02]} 65. hxg3 {[%clk 0:22:38]} fxg3 {[%clk 0:11:28]} 66. Ne2
{[%clk 0:22:06]} Bxe2 {[%clk 0:11:47]} 67. Kxe2 {[%clk 0:22:32]} Rf8 {[%clk
0:12:05]} 68. Be3 {[%clk 0:22:32]} g2 {[%clk 0:12:15]} 69. Bf2 {[%clk 0:22:57]}
Ke4 {[%clk 0:11:31]} 70. Bg1 {[%clk 0:22:41]} Rf1 {[%clk 0:11:16]} 71. c6 {[%clk
0:23:05]} bxc6 {[%clk 0:11:39]} 72. b7 {[%clk 0:23:27]} Rb1 {[%clk 0:11:51]} 73.
Kf2 {[%clk 0:23:54]} Rxb7 {[%clk 0:12:03]} 74. Kxg2 {[%clk 0:24:21]} Rf7 {[%clk
0:12:23]} 0-1

[Event "Baku Chess Olympiad | Open"]
[Site "chess24.com"]
[Date "2016.09.12"]
[Round "10"]
[White "Pitirotjirathon, Jirapak"]
[Black "Pazos Gambarrotti, Plinio"]
[Result "1/2-1/2"]
[Board "4"]
[WhiteID "6200206"]
[WhiteElo "2205"]
[WhiteTitle "FM"]
[WhiteCountry "THA"]
[WhiteFideId "6200206"]
[WhiteEloChange "1"]
[BlackID "3600068"]
[BlackElo "2239"]
[BlackTitle "IM"]
[BlackCountry "ECU"]
[BlackFideId "3600068"]
[BlackEloChange "-1"]

1. d4 {[%clk 1:30:56]} Nf6 {[%clk 1:30:53]} 2. c4 {[%clk 1:31:19]} e6 {[%clk
1:30:38]} 3. Nc3 {[%clk 1:31:35]} Bb4 {[%clk 1:29:52]} 4. Qc2 {[%clk 1:31:32]} c5
{[%clk 1:29:58]} 5. dxc5 {[%clk 1:30:50]} Bxc5 {[%clk 1:30:10]} 6. Nf3 {[%clk
1:29:44]} a6 {[%clk 1:22:48]} 7. e3 {[%clk 1:29:57]} Be7 {[%clk 1:22:00]} 8. Be2
{[%clk 1:27:59]} d6 {[%clk 1:22:17]} 9. O-O {[%clk 1:27:39]} Nbd7 {[%clk
1:21:40]} 10. b3 {[%clk 1:25:34]} Qc7 {[%clk 1:21:51]} 11. Bb2 {[%clk 1:25:03]}
O-O {[%clk 1:21:34]} 12. Rac1 {[%clk 1:18:35]} b6 {[%clk 1:21:48]} 13. Ng5 {[%clk
1:15:17]} Bb7 {[%clk 1:20:48]} 14. Bf3 {[%clk 1:10:46]} Bxf3 {[%clk 1:18:04]} 15.
Nxf3 {[%clk 1:11:07]} Rac8 {[%clk 1:18:21]} 16. Qe2 {[%clk 1:09:02]} Nc5 {[%clk
1:16:41]} 17. Rfd1 {[%clk 1:06:23]} Qb7 {[%clk 1:14:05]} 18. Nd4 {[%clk 1:05:19]}
Rfd8 {[%clk 1:13:17]} 19. f3 {[%clk 1:03:47]} Ncd7 {[%clk 1:02:24]} 20. e4 {[%clk
1:02:30]} Bf8 {[%clk 1:00:25]} 21. Re1 {[%clk 0:52:18]} Ne5 {[%clk 0:50:50]} 22.
Kh1 {[%clk 0:46:35]} Ng6 {[%clk 0:49:56]} 23. Rcd1 {[%clk 0:45:51]} Re8 {[%clk
0:46:09]} 24. Qf1 {[%clk 0:44:48]} Be7 {[%clk 0:45:48]} 25. f4 {[%clk 0:33:55]}
Nf8 {[%clk 0:45:16]} 26. Qf3 {[%clk 0:26:48]} Rc5 {[%clk 0:38:40]} 27. Ba3 {[%clk
0:21:48]} Rc7 {[%clk 0:38:40]} 28. e5 {[%clk 0:13:37]} dxe5 {[%clk 0:31:48]} 29.
Qxb7 {[%clk 0:13:48]} Rxb7 {[%clk 0:32:13]} 30. Bxe7 {[%clk 0:14:02]} Rbxe7
{[%clk 0:29:33]} 31. fxe5 {[%clk 0:13:48]} Ng4 {[%clk 0:29:27]} 32. Kg1 {[%clk
0:13:07]} Rd7 {[%clk 0:29:08]} 33. h3 {[%clk 0:05:46]} Nh6 {[%clk 0:29:10]} 34.
Nc6 {[%clk 0:05:40]} Rc7 {[%clk 0:29:26]} 35. Nb4 {[%clk 0:05:34]} a5 {[%clk
0:23:31]} 36. Nb5 {[%clk 0:05:19]} Rcc8 {[%clk 0:21:50]} 37. Nc2 {[%clk 0:05:28]}
Red8 {[%clk 0:22:06]} 38. Rd6 {[%clk 0:03:12]} Nf5 {[%clk 0:22:01]} 39. Rxb6
{[%clk 0:02:50]} Rd2 {[%clk 0:22:07]} 40. Ne3 {[%clk 0:32:55]} Rxa2 {[%clk
0:46:12]} 41. Nxf5 {[%clk 0:31:20]} exf5 {[%clk 0:46:35]} 42. Nc3 {[%clk
0:31:07]} Rb2 {[%clk 0:45:32]} 43. Nd5 {[%clk 0:31:10]} Re8 {[%clk 0:45:56]} 44.
Rb5 {[%clk 0:13:28]} Ne6 {[%clk 0:45:59]} 45. Ra1 {[%clk 0:13:15]} h5 {[%clk
0:45:13]} 46. Rbxa5 {[%clk 0:11:38]} Rxb3 {[%clk 0:44:23]} 47. Ra8 {[%clk
0:11:57]} Rxa8 {[%clk 0:44:40]} 48. Rxa8+ {[%clk 0:12:14]} Kh7 {[%clk 0:45:08]}
49. Ra7 {[%clk 0:12:01]} Rb1+ {[%clk 0:44:49]} 1/2-1/2